|
|
|
|
| LEADER |
00000nam0a2200000 4500 |
| 001 |
217370 |
| 005 |
20231031194513.0 |
| 020 |
|
|
|a RU
|b 89-83209
|
| 035 |
|
|
|a (RuTPU)RU\TPU\book\237364
|
| 090 |
|
|
|a 217370
|
| 100 |
|
|
|a 20120604d1989 k y0rusy5003 ca
|
| 101 |
0 |
|
|a rus
|
| 102 |
|
|
|a RU
|
| 105 |
|
|
|a a z 001zy
|
| 200 |
1 |
|
|a Динамика и прочность облегченных элементов конструкций и деталей машин
|e межвузовский сборник научных трудов
|f Читинский политехнический институт (ЧитПИ) ; под ред. В. М. Герасимова
|
| 210 |
|
|
|a Чита
|c ЧитПИ
|d 1989
|
| 215 |
|
|
|a 144 с.
|c ил.
|
| 320 |
|
|
|a Библиогр. в конце ст.
|
| 610 |
1 |
|
|a детали машин облегченные
|
| 610 |
1 |
|
|a прочность
|
| 610 |
1 |
|
|a металлические конструкции облегченные
|
| 610 |
1 |
|
|a динамика
|
| 610 |
1 |
|
|a пластины
|
| 610 |
1 |
|
|a оболочки
|
| 610 |
1 |
|
|a мембраны
|
| 610 |
1 |
|
|a стержневые системы
|
| 610 |
1 |
|
|a устойчивость
|
| 610 |
1 |
|
|a свойства
|
| 675 |
|
|
|a 621.01:539.4
|z rus
|
| 675 |
|
|
|a 621.01:531.3
|z rus
|
| 702 |
|
1 |
|a Герасимов
|b В. М.
|4 340
|
| 712 |
0 |
2 |
|a Читинский политехнический институт (ЧитПИ)
|c (1974-1995)
|2 stltpush
|3 (RuTPU)RU\TPU\col\14904
|
| 801 |
|
0 |
|a RU
|b RuMRKP
|c 19950417
|g psbo
|
| 801 |
|
1 |
|a RU
|b 63413507
|c 20120604
|
| 801 |
|
2 |
|a RU
|b 63413507
|c 20121114
|g RCR
|
| 942 |
|
|
|c BK
|